[Event "TUR-chT 2nd League"]
[Site "Konya"]
[Date "2017.07.18"]
[Round "2.9"]
[White "Yavuz, Efe Metehan"]
[Black "Birol, Emir Efe"]
[Result "1/2-1/2"]
[WhiteElo "1707"]
[BlackElo "1462"]
[PlyCount "130"]
[EventDate "2017.07.17"]
[EventType "team-swiss"]
[EventRounds "9"]
[EventCountry "TUR"]
[SourceTitle "CBM 179 Extra"]
[Source "ChessBase"]
[SourceDate "2017.08.23"]
[SourceVersion "1"]
[SourceVersionDate "2017.08.23"]
[SourceQuality "1"]
[WhiteTeam "Bolu Koroglu"]
[BlackTeam "Antalya Calli"]
[WhiteTeamCountry "TUR"]
[BlackTeamCountry "TUR"]

1. e4 c6 2. d4 d5 3. exd5 cxd5 4. Bd3 Nf6 5. c3 g6 6. Nf3 Bg7 7. h3 Nc6 8. Bf4 0-0 9. 0-0 Nh5 10. Bg5 f6 11. Bh4 Nf4 12. Re1 Nxd3 13. Qxd3 Bf5 14. Qb5 Qd7 15. Nbd2 e5 16. dxe5 fxe5 17. Rad1 a6 18. Qb3 Be6 19. Ng5 h6 20. Nxe6 Qxe6 21. Ne4 g5 22. Bg3 Ne7 23. Nc5 Qc6 24. Nd3 Rf5 25. Nb4 Qc4 26. Nxd5 Qxb3 27. axb3 Nxd5 28. Rxd5 Re8 29. b4 Kf7 30. b5 Ke6 31. c4 axb5 32. Rxb5 Re7 33. Rb6+ Kf7 34. b4 h5 35. c5 h4 36. Bh2 Rf6 37. Rb5 Rc6 38. Kf1 Ke6 39. Rd1 Kf5 40. f3 Ke6 41. Ke2 Bf6 42. Ke3 Ra6 43. Ke4 Kf7 44. Rd6 Ra2 45. Kf5 Bg7 46. Bg1 Rxg2 47. Be3 e4 48. Bxg5 Re5+ 49. Kf4 Rexg5 50. Rxb7+ Kg8 51. Rd8+ Kh7 52. c6 exf3 53. c7 f2 54. Rd1 Be5+ 55. Kf3 R5g3+ 56. Ke4 Bxc7 57. Rxc7+ Rg7 58. Rxg7+ Kxg7 59. Rf1 Kg6 60. Kd4 Kg5 61. Ke4 Kg6 62. Kf4 Rg3 63. Rxf2 Rxh3 64. Rb2 Rc3 65. Kg4 Rc4+ 1/2-1/2

[Event "Serik op"]
[Site "Serik"]
[Date "2017.05.17"]
[Round "2"]
[White "Birol, Emir Efe"]
[Black "Uzuner, Tufan Can"]
[Result "1/2-1/2"]
[WhiteElo "1455"]
[BlackElo "2041"]
[PlyCount "59"]
[EventDate "2017.05.16"]
[EventType "swiss"]
[EventRounds "9"]
[EventCountry "TUR"]
[SourceTitle "CBM 178 Extra"]
[Source "ChessBase"]
[SourceDate "2017.06.22"]
[SourceVersion "1"]
[SourceVersionDate "2017.06.22"]
[SourceQuality "1"]

1. e4 c6 2. c4 d5 3. exd5 cxd5 4. cxd5 Qxd5 5. Nc3 Qa5 6. d4 Nf6 7. Nf3 e6 8. Bd2 Nbd7 9. Be2 Bb4 10. a3 Bxc3 11. Bxc3 Qd8 12. 0-0 Nd5 13. Qd2 0-0 14. Ne5 Nxc3 15. Qxc3 Nb6 16. Bf3 Qe7 17. Rfe1 Rd8 18. Rad1 Nd5 19. Bxd5 Rxd5 20. Qf3 Bd7 21. Nc4 Bc6 22. Qe3 Rad8 23. Ne5 Qd6 24. Nc4 Qd7 25. Ne5 Qd6 26. Nc4 Qc7 27. Ne5 Qb6 28. Nxf7 Kxf7 29. Qxe6+ Kf8 30. Re4 1/2-1/2